| Registos Bibliográficos associados ao registo de autoridade |
|
Etiqueta de registo: 00254ckm 2200109 450 001 1931774 003 http://id.bnportugal.gov.pt/bib/catbnp/1931774 100 ## $a20160518f1986 me y0pory01030103ba 101 0# $aeng 102 ## $aPT 200 1# $aBob Seger & the Silver Bullet Band - Like a rock, the album & cassette$bVisual gráfico]$ethere's a storm coming from America 210 #9 $a[S.l.]$cValentim de Carvalho,$d[1986]$e[s.l.] $gCosta & Valério) 215 ## $a1 cartaz$ccolor.$d72x49 cm 306 ## $aData atribuída em conformidade com a distribuição do disco anunciado ("Like a rock"
foi lançado no mercado internacional a 5 de Abril de 1986, cf. http://www.bobseger.com/music/like-a-rock/
[consult. 2016-05-18]), em conjugação com o período de actividade dos intervenientes
e as características formais do documento 317 ## $aColeção Madeira Luís$5PTBN: CT. 5800 R. 330 ## $aSobre fundo azul escuro no topo tendendo progressivamente para o roxo em baixo, atravessado
por mesclas brancas representando nuvens, em grande plano reprodução da fotografia
usada na capa do disco, com os quatro elementos do grupo (Bob Seger, Craig Frost,
Chris Campbell e Tom Cartmell, dito "Alto Reed"); inclui junto à margem inferior os
símbolos da Capitol Records (gravadora do disco), da EMI (editora-distribuidora europeia),
e da Valentim de Carvalho (editora, distribuidora e representante em Portugal da EMI,
da qual viria a tornar-se subsidiária em 1994, sob a designação EMI - Valentim de
Carvalho) 517 1# $aThere's a storm coming from America, Bob Seeger & the Silver Bullet Band$elike a rock, the album & cassette, featuring the single 'American Storm' 606 ## $aMúsicos$xRetratos$x[Cartazes]$2SIPOR$31645442 675 ## $a766(=1:469)"198"(084.5)$vBN$zpor$31302430 675 ## $a78(=1:73)"198"(084.5)$vBN$zpor$31645569 675 ## $a78(469)"198"(084.5)$vBN$zpor$31417182 675 ## $a78.07Bob Seger & the Silver Bullet Band(084.5)$vBN$zpor$31646424 675 ## $a78.07Seger, Bob(084.5)$vBN$zpor$31646425 675 ## $a78.07Frost, Craig(084.5)$vBN$zpor$31646426 675 ## $a78.07Campbell, Chris(084.5)$vBN$zpor$31646427 675 ## $a78.07Reed, Alto, pseud.(084.5)$vBN$zpor$31646428 675 ## $a929Seger, Bob(084.5)$vBN$zpor$31646429 675 ## $a929Frost, Craig(084.5)$vBN$zpor$31646430 675 ## $a929Campbell, Chris(084.5)$vBN$zpor$31646431 675 ## $a929Cartmell, Tom(084.5)$vBN$zpor$31646432 712 02 $aValentim de Carvalho$c(Editor de música)$4650$320552 712 02 $aEMI$4260$31646433 712 02 $aCapitol Records$4100$31646434 712 02 $aCosta & Valério, Lda.$4610$31642285 801 #0 $aPT$bBN$gRPC 966 ## $lBN$mICONOG$pFrancisco Madeira Luís$sCT. 5800 R.$x3 997 ## $aBIBEOD
Etiqueta de registo: 00000nkm 2200025 450 001 2274976 003 http://id.bnportugal.gov.pt/bib/catbnp/2274976 100 ## $a20260303d1985 m y0pory01030103ba 101 0# $aeng 102 ## $aGB 200 1# $aKayleigh, Marillion new single$bVisual gráfico]$fEMI 210 #9 $aReino Unido$cEMI,$d[1985] 215 ## $a1 cartaz$ccolor.$d50,7x33,7cm 306 ## $aDatação em conformidade com referência externa 317 ## $aColeção Madeira Luís 321 ## $ahttps://www.discogs.com/release/521968-Marillion-Kayleigh?srsltid=AfmBOopqxAPxwC1qy_ZGpaOJIJ7BKKZyETrMq6Iy0GYGdET2XxLUz2BI
[Consult. em 06/03/2026] 675 ## $a766(=1:469)"198"(084.5)$vBN$zpor$31302430 710 02 $aEMI$31646433 801 #0 $aPT$bBN$gRPC 966 ## $lBN$mICONOG$sCT. 15374 V.$x3 971 ## $cCaticonografia6$d20260303 972 ## $d20260306 $e1$vmferro $z0 995 ## $aPRR2026
Etiqueta de registo: 00000nkm 2200025 450 001 2280420 003 http://id.bnportugal.gov.pt/bib/catbnp/2280420 100 ## $a20260316f1985 m y0pory01030103ba 101 0# $apor 102 ## $aPT 200 1# $aJanita Salomé, Lavrar em teu peito, discos e cassetes$bVisual gráfico]$fValentim de Carvalho, EMI 210 #9 $a[Lisboa]$cValentim de Carvalho,$d[1985] 215 ## $a1 cartaz$ccolor.$d60x35 cm 306 ## $aDatação atribuída em conformidade com o acontecimento anunciado 317 ## $aColeção Madeira Luís 710 02 $aValentim de Carvalho$c(Editor de música)$320552 711 02 $aEMI$31646433 801 #0 $aPT$bBN$gRPC 966 ## $lBN$mICONOG$sCT. 24857 A.$x3 971 ## $cCaticonografia6$d20260316 995 ## $aPRR2026
|
|
|